<?xml version="1.0" encoding="UTF-8"?>
<record
    xmlns:xsi="http://www.w3.org/2001/XMLSchema-instance"
    xsi:schemaLocation="http://www.loc.gov/MARC21/slim http://www.loc.gov/standards/marcxml/schema/MARC21slim.xsd"
    xmlns="http://www.loc.gov/MARC21/slim">

  <leader>01608nam a22003255i 4500</leader>
  <datafield tag="999" ind1=" " ind2=" ">
    <subfield code="c">22655</subfield>
    <subfield code="d">22655</subfield>
  </datafield>
  <controlfield tag="001">22853073</controlfield>
  <controlfield tag="003">OSt</controlfield>
  <controlfield tag="005">20221212124605.0</controlfield>
  <controlfield tag="008">220902s2021    pe            000 0 spa  </controlfield>
  <datafield tag="020" ind1=" " ind2=" ">
    <subfield code="a">9786124813832</subfield>
    <subfield code="q">(t. 1)</subfield>
  </datafield>
  <datafield tag="020" ind1=" " ind2=" ">
    <subfield code="a">9786124813849</subfield>
    <subfield code="q">(t. 2)</subfield>
  </datafield>
  <datafield tag="020" ind1=" " ind2=" ">
    <subfield code="a">9786124813856</subfield>
    <subfield code="q">(t.3)</subfield>
  </datafield>
  <datafield tag="020" ind1=" " ind2=" ">
    <subfield code="a">9786124813825</subfield>
    <subfield code="q">(colecci&#xF3;n completa)</subfield>
  </datafield>
  <datafield tag="035" ind1=" " ind2=" ">
    <subfield code="a">(PE-LiEIC)it201600019093</subfield>
  </datafield>
  <datafield tag="040" ind1=" " ind2=" ">
    <subfield code="a">DLC</subfield>
    <subfield code="b">eng</subfield>
    <subfield code="c">DLC</subfield>
    <subfield code="e">rda</subfield>
  </datafield>
  <datafield tag="082" ind1=" " ind2=" ">
    <subfield code="a">869.56</subfield>
  </datafield>
  <datafield tag="100" ind1="1" ind2=" ">
    <subfield code="a">Pantigoso, Manuel,</subfield>
    <subfield code="e">autor.</subfield>
    <subfield code="9">33091</subfield>
  </datafield>
  <datafield tag="245" ind1="1" ind2="0">
    <subfield code="a">En el nombre del Per&#xFA;. El alma del pa&#xED;s en la palabra :</subfield>
    <subfield code="b">(Tomo 1): Literatura peruana, espacios, tendencias y anuncio de la vanguardia. (Tomo 2): Vanguardia plena y pos vanguardia. (Tomo 3): Poes&#xED;a y narrativa contempor&#xE1;nea /</subfield>
    <subfield code="c">Manuel Pantigoso.</subfield>
  </datafield>
  <datafield tag="250" ind1=" " ind2=" ">
    <subfield code="a">Primera edici&#xF3;n.</subfield>
  </datafield>
  <datafield tag="264" ind1=" " ind2="1">
    <subfield code="a">Lima :</subfield>
    <subfield code="b">Universidad Ricardo Palma,</subfield>
    <subfield code="c">2021.</subfield>
  </datafield>
  <datafield tag="300" ind1=" " ind2=" ">
    <subfield code="a">3 volumenes :</subfield>
    <subfield code="b">ilustraciones ;</subfield>
    <subfield code="c">23 cm.</subfield>
  </datafield>
  <datafield tag="337" ind1=" " ind2=" ">
    <subfield code="a">unmediated</subfield>
    <subfield code="b">n</subfield>
    <subfield code="2">rdamedia</subfield>
  </datafield>
  <datafield tag="338" ind1=" " ind2=" ">
    <subfield code="a">volume</subfield>
    <subfield code="b">nc</subfield>
    <subfield code="2">rdacarrier</subfield>
  </datafield>
  <datafield tag="500" ind1=" " ind2=" ">
    <subfield code="a">Lima 2021 a&#xF1;o del Bicentenario</subfield>
  </datafield>
  <datafield tag="505" ind1=" " ind2=" ">
    <subfield code="a">Contenido: Literatura peruana espacios, tendencias y anuncio de la vanguardia. -- Literatura Inca. -- Literatura de la colonia y gestaci&#xF3;n de la independencia. -- La independencia del costumbrismo y romanticismo al modernismo. -- Posmodernismo. -- Anuncios de la Vanguardia. -- Generaci&#xF3;n de la crisis o del 30-36. -- Poes&#xED;a y narrativa contempor&#xE1;nea. -- La generaci&#xF3;n del 50, 60 y 90. ...</subfield>
  </datafield>
  <datafield tag="650" ind1=" " ind2=" ">
    <subfield code="a">Literatura</subfield>
    <subfield code="z">Per&#xFA;</subfield>
    <subfield code="9">48798</subfield>
  </datafield>
  <datafield tag="650" ind1=" " ind2=" ">
    <subfield code="a">Literatura</subfield>
    <subfield code="z">Per&#xFA;</subfield>
    <subfield code="x">historia</subfield>
    <subfield code="9">48799</subfield>
  </datafield>
  <datafield tag="710" ind1=" " ind2=" ">
    <subfield code="a">Universidad Ricardo Palma</subfield>
    <subfield code="9">31834</subfield>
  </datafield>
  <datafield tag="942" ind1=" " ind2=" ">
    <subfield code="2">ddc</subfield>
    <subfield code="c">LIBROS</subfield>
  </datafield>
  <datafield tag="952" ind1=" " ind2=" ">
    <subfield code="0">0</subfield>
    <subfield code="1">0</subfield>
    <subfield code="2">ddc</subfield>
    <subfield code="4">0</subfield>
    <subfield code="7">0</subfield>
    <subfield code="a">SH</subfield>
    <subfield code="b">SH</subfield>
    <subfield code="c">CART</subfield>
    <subfield code="d">2022-12-12</subfield>
    <subfield code="e">Donaci&#xF3;n</subfield>
    <subfield code="g">100.00</subfield>
    <subfield code="o">869.56/P19E/t.1</subfield>
    <subfield code="p">SH0000016492</subfield>
    <subfield code="r">2022-12-12</subfield>
    <subfield code="w">2022-12-12</subfield>
    <subfield code="y">LIBROS</subfield>
  </datafield>
  <datafield tag="952" ind1=" " ind2=" ">
    <subfield code="0">0</subfield>
    <subfield code="1">0</subfield>
    <subfield code="2">ddc</subfield>
    <subfield code="4">0</subfield>
    <subfield code="7">0</subfield>
    <subfield code="a">SH</subfield>
    <subfield code="b">SH</subfield>
    <subfield code="c">CART</subfield>
    <subfield code="d">2022-12-12</subfield>
    <subfield code="e">Donaci&#xF3;n</subfield>
    <subfield code="g">100.00</subfield>
    <subfield code="o">869.56/P19E/t.2</subfield>
    <subfield code="p">SH0000016493</subfield>
    <subfield code="r">2022-12-12</subfield>
    <subfield code="w">2022-12-12</subfield>
    <subfield code="y">LIBROS</subfield>
  </datafield>
  <datafield tag="952" ind1=" " ind2=" ">
    <subfield code="0">0</subfield>
    <subfield code="1">0</subfield>
    <subfield code="2">ddc</subfield>
    <subfield code="4">0</subfield>
    <subfield code="7">0</subfield>
    <subfield code="a">SH</subfield>
    <subfield code="b">SH</subfield>
    <subfield code="c">CART</subfield>
    <subfield code="d">2022-12-12</subfield>
    <subfield code="e">Donaci&#xF3;n</subfield>
    <subfield code="g">100.00</subfield>
    <subfield code="o">869.56/P19E/t.3</subfield>
    <subfield code="p">SH0000016494</subfield>
    <subfield code="r">2022-12-12</subfield>
    <subfield code="w">2022-12-12</subfield>
    <subfield code="y">LIBROS</subfield>
  </datafield>
</record>
